Statystyki dla Rome Total War - wszystkie frakcje

Kliknij tutaj aby rozwiązać quiz!

Ogólne statystyki

  • Ten quiz został rozwiązany 50 razy
  • Średni wynik to 11 z 20

Statystyki odpowiedzi

Odpowiedź% Poprawnych
Scytia
67%
Germania
63%
Kartagina
63%
Brytania
60%
Egipt
60%
Galia
60%
Pont
60%
Ród Juliuszy
60%
Dacja
58%
Hiszpania
58%
Partia
58%
Ród Scypionów
58%
Seleucydzi
58%
Numidia
56%
Ród Brutusów
56%
Tracja
56%
Armenia
51%
Macedonia
49%
Miasta greckie
47%
Senat
47%

Rozkład punktacji

Percentyl według liczby udzielonych odpowiedzi

Procent ludzi z każdym wynikiem

Twoja historia wyników

Nie rozwiązałeś tego quizu